| 000 | 00774cab a2200229 4500 | ||
|---|---|---|---|
| 001 | WB3045-70 | ||
| 008 | 090401t1994 xxu||||| |||| 00| 0 eng d | ||
| 035 | _a(Sirsi) u16726 | ||
| 041 | _aeng | ||
| 245 | _aRates support package will penalise London | ||
| 260 | _c1994 | ||
| 350 | _a0 | ||
| 490 |
_aRICS Press Release _v(PR197/94comm) 30 November 1994 |
||
| 490 |
_aEvening Standard _v1 December 1994, 1&2(3) |
||
| 520 | _aMany business ratepayers, particularly those in central London, will fail to get the rate reductions they are entitled to as a result of the Budget Statement according to the RICS. | ||
| 650 | _aRATE REDUCTIONS | ||
| 650 | _aUBR | ||
| 650 | _aUNIFORM BUSINESS RATE | ||
| 690 | _aRATING AND VALUATION | ||
| 942 | _n0 | ||
| 948 | _c04/03/1997 | ||
| 999 |
_c11052 _d11052 |
||